Stargazing - Myles Smith - All Lyrics - Statistics

General Stats
  • This quiz has been taken 79 times
    28 since last reset
  • The average score is 184 of 218
Answer Stats
Answer % Correct
a
95%
(Hey)
95%
Oh,
95%
oh
95%
Ooh-ooh,
95%
ooh-ooh,
95%
ooh-ooh
95%
stargazin'
95%
Time
95%
time
95%
All
90%
all
90%
bones
90%
break
90%
don't
90%
eyes
90%
heart,
90%
I
90%
it
90%
it,
90%
just
90%
life
90%
like
90%
Love
90%
me
90%
my
90%
see
90%
still
90%
Take
90%
this
90%
to
90%
along
85%
and
85%
feel
85%
in
85%
I've
85%
Lookin'
85%
made
85%
right
85%
stood
85%
there
85%
wasted
85%
We
85%
were
85%
whole
85%
You
85%
you
85%
you,
85%
your
85%
close,
80%
forever
80%
go
80%
hold
80%
know
80%
last
80%
let
80%
photograph
80%
say
80%
so
80%
when
80%
When
80%
around
75%
I'm
75%
never
75%
would
75%
but
70%
give
70%
lose
70%
mind
70%
They
70%
wanna
70%
alive
65%
come
65%
how
65%
strangers
65%
that
65%
you'll
65%
can't
60%
got
60%
help
60%
Intertwinin'
60%
Promise
60%
souls
60%
without
60%
lost
55%
No matching quizzes found
Score Distribution
Percent of People with Each Score
Percentile by Number Answered
Your Score History
You have not taken this quiz since the last reset